[Event "EICC 2019"]
[Site "Skopia"]
[Date "2019.03.22"]
[Round "5.17"]
[White "Huzman, Alexander"]
[Black "Melkumyan, Hrant"]
[Result "1/2-1/2"]
[WhiteElo "2582"]
[BlackElo "2661"]
[Annotator "TA"]
[PlyCount "75"]
[EventDate "2019.03.18"]
[EventType "swiss"]
[EventCountry "MKD"]
[SourceTitle "playchess.com"]
[Source "ChessBase"]
[SourceQuality "1"]

{[%evp 9,75,18,31,0,-3,-5,-10,-17,-20,-12,-2,-19,16,0,6,0,0,0,14,15,4,0,0,0,55,47,54,47,48,37,50,9,41,11,22,0,0,-15,-7,-55,0,0,0,0,3,3,23,-10,6,6,11,6,12,0,0,0,0,0,0,0,13,10,0,0,58,60,68,43]} 1. Nf3 d5 2. d4 Bf5 3. c4 e6 4. Nc3 Nf6 5. e3 a6 6. Bd3 {D06: Queen's Gambit: Symmetrical and Baltic Defences} (6. c5 Nc6 7. Qa4 Nd7 8. Be2 g5 9. h3 Bg7 10. g4 Bg6 11. h4 h5 12. gxh5 Bxh5 13. Nxg5 Bxe2 14. Nxe2 {½-½ (20) Vidit,S (2707)-Nepomniachtchi,I (2751) Poikovsky 2018}) 6... dxc4 $146 ({Predecessor:} 6... Bg6 7. O-O Be7 8. Ne5 O-O 9. Nxg6 hxg6 10. b3 c5 11. dxc5 Bxc5 12. cxd5 exd5 {0-1 (51) Maqseed,N (1941)-Al Khateeb,T (2005) Kuwait 2017}) 7. Bxf5 exf5 8. Ne5 {The position is equal.} Nbd7 {White must now prevent ...Nxe5.} 9. Nxc4 b5 10. Nd2 b4 11. Ne2 Be7 12. b3 O-O 13. Bb2 Nb6 14. Qc2 Qd7 15. O-O a5 16. a4 Nfd5 (16... Rfe8 $11) 17. Nc1 $14 Bd6 18. Nd3 Qe6 19. Rfe1 Rfe8 20. Nf1 Qh6 21. Nc5 Qg5 22. Kh1 Nf6 23. f3 Nbd5 {[%cal Rd5e3]} 24. Qf2 Rab8 (24... Nc3 $15) 25. Rac1 $11 Qh6 26. Nd3 {[%cal Bc5d3,Bd3e5,Be5c4][%mdl 32]} Re6 27. Ne5 Rbe8 28. Nc4 g5 29. Ne5 Nc3 ({But not} 29... Bxe5 $6 30. dxe5 Nh5 31. Rc5 $16) 30. Bxc3 bxc3 31. Qc2 Nd5 32. Qxf5 Bxe5 33. dxe5 Rxe5 {[%mdl 64] [#] Double Attack} 34. Qd3 $1 Qb6 35. e4 Qxb3 36. Red1 Nf4 (36... c6 $1 $11) 37. Qxc3 $14 Qxa4 38. Qxc7 {Accuracy: White = 48%, Black = 60%.} 1/2-1/2

[Event "EICC 2019"]
[Site "Skopia"]
[Date "2019.03.22"]
[Round "5.18"]
[White "Santos Latasa, Jaime"]
[Black "Kovalenko, Igor"]
[Result "0-1"]
[WhiteElo "2582"]
[BlackElo "2658"]
[Annotator "TA"]
[PlyCount "92"]
[EventDate "2019.03.18"]
[EventType "swiss"]
[EventCountry "MKD"]
[SourceTitle "playchess.com"]
[Source "ChessBase"]
[SourceQuality "1"]

{[%evp 9,92,20,16,15,25,25,27,25,35,34,33,25,33,39,30,30,40,21,21,25,24,22,17,18,18,16,16,21,32,22,20,18,45,0,0,0,-4,-22,-4,-82,-80,-72,-71,-75,-76,-86,-73,-166,-154,-145,-117,-105,-12,-158,-169,-283,-293,-267,-156,-280,-214,-168,-73,-72,-55,-62,-52,-37,-35,-383,-384,-374,-383,-435,-418,-434,-442,-456,-458,-4598,-1116,-5065,-4140,-4133,-1948]} 1. d4 Nf6 2. c4 e6 3. Nc3 Bb4 4. Qc2 d6 5. Bg5 h6 6. Bh4 {E32: Nimzo-Indian: Classical (4 Qc2): 4...0-0} c5 7. dxc5 dxc5 8. e3 {White has an edge.} Nc6 9. a3 Bxc3+ 10. Qxc3 e5 11. Bd3 Qa5 12. Ne2 Be6 13. b3 $146 ({Predecessor:} 13. Bxf6) 13... O-O-O 14. Bc2 Qxc3+ 15. Nxc3 g5 16. Bg3 Nh5 17. Be4 Na5 18. Rb1 f6 19. f3 f5 20. Bd5 (20. Bxe5 fxe4 21. Nxe4 (21. Bxh8 exf3 22. g4 Bxg4 $11) 21... Rh7) 20... Rhe8 21. Ke2 f4 $36 {[%mdl 2048] Black has good play.} 22. Bxe6+ Rxe6 23. Bf2 Rb6 24. g4 (24. Nb5 $11) 24... fxe3 $17 25. Bxe3 Nf4+ 26. Bxf4 exf4 27. h4 Nxb3 28. Ne4 {[#]} (28. hxg5 $17 {was worth a try.} hxg5 29. Ne4) 28... gxh4 $1 $19 29. Kf2 Rd3 30. Rxh4 Rg6 (30... Re6 $17 {aiming for ...Nd4.} 31. g5 hxg5 32. Nxg5 Rg6) 31. Rh3 (31. g5 $1 $11 {was the only way to keep the balance.} Nd2 32. Ke2 Nxb1 33. Kxd3 hxg5 34. Rh8+ Kc7 35. a4) 31... b6 $17 32. Re1 (32. a4 $142) 32... Nd4 $19 33. Kg2 Kb7 ({Black should try} 33... Rxa3 $19 {Threatens to win with ...Ra2+.} 34. Reh1 Ra2+ 35. Kf1 Ra1+ 36. Kg2 Ra2+ 37. Kf1 Kd7 38. Rxh6 Rxh6 39. Rxh6 Nxf3 40. Nf6+ Ke6 41. Nd5+ Ke5 42. Rh5+ Kd4 43. Nxf4 Nh2+ 44. Ke1 Ra1+ 45. Kd2 Nf1+ 46. Kc2 Ne3+ 47. Kb3 Rb1+ 48. Ka2 Rf1) 34. a4 (34. Reh1 $17 {was the only chance.}) 34... Nc2 35. Reh1 {[#]} Ne3+ (35... Re6 $1 $19 {and Black stays clearly on top.} 36. Kf2 Nd4) 36. Kf2 $17 Nxc4 {Strongly threatening ...Ne5.} 37. Rxh6 Rxh6 38. Rxh6 {[%mdl 4096] Endgame KRN-KRN} Ne5 39. Rf6 $2 {[%mdl 8192]} (39. Re6 $1 $15 Nxf3 40. g5) 39... Rxf3+ $19 40. Kg2 Rd3 41. Rxf4 c4 42. g5 Rd4 {Black is clearly winning.} 43. Rh4 Ka6 44. Kf2 {[#]} (44. Kg3 $142 Ka5 45. Rf4) 44... c3 $1 {[%mdl 512]} 45. Ke3 {[#]} (45. Nxc3 Rxh4) 45... c2 $1 {[%mdl 512] ( -> ...Rd3+)} 46. Kxd4 Nc6+ {Accuracy: White = 47%, Black = 70%.} 0-1

[Event "EICC 2019"]
[Site "Skopia"]
[Date "2019.03.22"]
[Round "5.19"]
[White "Yuffa, Daniil"]
[Black "Fressinet, Laurent"]
[Result "1/2-1/2"]
[WhiteElo "2582"]
[BlackElo "2652"]
[Annotator "TA"]
[PlyCount "110"]
[EventDate "2019.03.18"]
[EventType "swiss"]
[EventCountry "MKD"]
[SourceTitle "playchess.com"]
[Source "ChessBase"]
[SourceQuality "1"]

{[%evp 13,110,9,15,0,5,0,0,0,0,0,0,-14,0,0,0,-18,-30,-14,-12,-18,-14,-14,-3,-3,-4,-58,-36,-38,-41,-30,-20,-37,-24,-75,-63,-74,-79,-79,-79,-83,-82,-91,-86,-105,-72,-103,-10,-12,-13,-86,-87,-93,-74,-74,-22,-48,-62,-118,-97,-146,-146,-223,-240,-256,-256,-272,-272,-402,-395,-435,-435,-443,-435,-435,-435,-483,-483,-483,-483,-628,-584,-561,-483,-483,-483,-442,0,-7,-8,-8,-8,-8,0,0,-8,-8,-8,-8,-8]} 1. d4 Nf6 2. c4 e6 3. g3 Bb4+ 4. Bd2 Be7 5. Bg2 d5 6. Nf3 O-O 7. O-O Nbd7 8. Qb3 {E11: Bogo-Indian} (8. a4 a5 9. Qc2 Ne4 10. Be3 c6 11. Na3 f5 12. Ne1 Bf6 13. Nd3 Kh8 14. Rae1 Re8 15. Rc1 c5 16. Nxc5 Nexc5 17. dxc5 {1-0 (41) Yu,Y (2764)-Le,Q (2714) Caleta 2019}) 8... a5 {[%cal Ba7a5,Ba5a4][%mdl 32]} 9. Bf4 a4 $146 ({Predecessor:} 9... dxc4 10. Qxc4 Nd5 11. Nc3 Nxf4 12. gxf4 c5 13. dxc5 Nxc5 14. Ne5 Qb6 15. Rfd1 Qb4 {½-½ (28) Huang,Q (2439)-Girya,O (2465) Qinhuangdao 2018}) 10. Qc2 dxc4 11. Qxc4 Nd5 12. a3 c5 13. Nc3 b5 $36 {[%mdl 2048] Black has some pressure.} 14. Qd3 Nxf4 15. gxf4 Ba6 {...b4 is the strong threat.} 16. Qc2 Qc7 17. Ng5 Bxg5 18. fxg5 Bb7 19. d5 (19. Bxb7 $11 Qxb7 20. Rfd1) 19... exd5 $15 20. Nxd5 Bxd5 21. Bxd5 Rad8 22. Rad1 Nb6 23. Bg2 (23. Be4 $11 {remains equal.}) 23... Nc4 $17 24. Rd5 Rxd5 25. Bxd5 Qf4 26. Bxc4 bxc4 {[%mdl 4096] Endgame KQR-KQR} 27. Kh1 g6 28. f3 Re8 29. Rg1 Qe5 ({Better is} 29... Re3 $17) 30. Rg4 $11 Qe3 31. Kg2 (31. h4 $11) 31... Qxe2+ $17 32. Qxe2 Rxe2+ {KR-KR} 33. Kg3 Rc2 34. Re4 f6 35. h4 (35. gxf6 $15 Kf7 36. Rf4) 35... Kf7 $1 (35... Rxb2 $6 36. Rxc4 Kf7 37. Rxc5 $11) 36. Kf4 f5 $1 {[%cal Rf5e4]} (36... Rxb2 $6 37. Rxc4 Rh2 38. Kg3 $11) 37. Re5 (37. Re1 $17 {was called for.}) 37... c3 $19 ({And not} 37... Rxb2 38. Rxc5 Rh2 39. Ke5 $11) 38. bxc3 Rxc3 39. h5 Rc4+ $1 ({Stronger than} 39... Rxa3 40. Rxc5 Rb3 41. Rc7+ Kf8 42. Rxh7 $11) ({Weaker is} 39... gxh5 40. Rxf5+ Kg7 41. Rd5 $17) 40. Kg3 (40. Ke3 $142 gxh5 41. Rxf5+ Kg6 42. Rd5) 40... gxh5 41. Rxf5+ Kg6 $1 {[%cal Rg6f5]} 42. Rd5 {[#] Now f4 and White clings on.} h4+ $1 43. Kh3 Kh5 44. Rf5 Rc3 45. Kg2 c4 46. Rc5 Rc2+ 47. Kh3 Rf2 48. g6+ Kxg6 49. Kg4 {[#]} h3 $2 (49... h5+ $1 $19 50. Kxh4 (50. Rxh5 Rg2+) 50... Rxf3 51. Rxc4 Rxa3 52. Rc6+ Kf5 53. Rc5+ Ke4) 50. Rc6+ $11 {The position is equal.} Kf7 {Hoping for ...h2.} 51. Rxc4 h2 52. Rc7+ $1 Kg6 53. Rc6+ Kg7 54. Rc7+ $1 Kf6 55. Rxh7 Rg2+ {Accuracy: White = 39%, Black = 82%.} 1/2-1/2

[Event "EICC 2019"]
[Site "Skopia"]
[Date "2019.03.22"]
[Round "5.20"]
[White "Moiseenko, Alexander"]
[Black "Hracek, Zbynek"]
[Result "0-1"]
[WhiteElo "2648"]
[BlackElo "2578"]
[Annotator "TA"]
[PlyCount "56"]
[EventDate "2019.03.18"]
[EventType "swiss"]
[EventCountry "MKD"]
[SourceTitle "playchess.com"]
[Source "ChessBase"]
[SourceQuality "1"]

{[%evp 21,56,16,17,0,0,0,0,0,0,0,0,0,0,0,0,0,0,0,0,-73,-68,-133,-133,-657,-656,-645,-644,-741,-739,-723,-720,-696,-687,-674,-664,-657,-585]} 1. d4 e6 2. c4 Nf6 3. Nc3 Bb4 4. Nf3 d5 5. cxd5 exd5 6. Bg5 h6 7. Bh4 O-O {D38: Queen's Gambit Declined: Ragozin Defence (4 Nf3 Bb4)} 8. e3 Bf5 9. Qb3 Bxc3+ 10. bxc3 (10. Qxc3 g5 11. Bg3 Ne4 12. Qxc7 Qxc7 13. Bxc7 Nc6 14. Bb5 Rfc8 15. Bxc6 bxc6 {1-0 (85) Grischuk,A (2771)-Sethuraman,S (2637) Astana 2019}) 10... Nbd7 11. Be2 c5 {LiveBook: 22 Games} 12. O-O c4 13. Qxb7 Qb6 14. Qxb6 axb6 15. Bxf6 Nxf6 16. a4 $146 Ra6 17. Ne5 Rfa8 18. f3 Rxa4 19. Rxa4 Rxa4 20. e4 (20. g4 $11 Be6 21. Kf2) 20... Be6 $17 21. Rb1 ({Better is} 21. Nc6 $15) 21... dxe4 {[%cal Bd5e4,Be4e3][%mdl 32]} 22. Rxb6 $2 {[%mdl 8192]} (22. fxe4 $17 Nxe4 23. Rc1) 22... Ra1+ $19 {Black is clearly winning.} 23. Bf1 e3 {[#] ( -> ...e2)} 24. Rb2 Bf5 {And now ...Bd3 would win.} 25. Nxc4 Nd5 26. Ne5 f6 {[%cal Bf7f6,Bf6e5][%mdl 32]} 27. g4 fxe5 28. gxf5 Nf4 {Precision: White = 38%, Black = 93%.} 0-1

[Event "EICC 2019"]
[Site "Skopia"]
[Date "2019.03.22"]
[Round "5.21"]
[White "Anton Guijarro, David"]
[Black "Paichadze, Luka"]
[Result "1-0"]
[WhiteElo "2643"]
[BlackElo "2576"]
[Annotator "TA"]
[PlyCount "123"]
[EventDate "2019.03.18"]
[EventType "swiss"]
[EventCountry "MKD"]
[SourceTitle "playchess.com"]
[Source "ChessBase"]
[SourceQuality "1"]

{[%evp 9,123,9,30,20,33,25,20,18,33,19,16,14,35,44,44,51,47,33,42,11,14,11,47,58,78,84,89,71,74,71,71,71,126,135,140,91,129,128,123,118,125,122,131,135,137,132,131,115,124,114,149,155,194,184,185,182,208,220,221,195,168,133,272,166,235,233,240,193,236,236,234,74,72,72,74,81,84,93,83,83,217,212,233,222,207,224,221,196,213,225,655,652,650,644,585,637,629,629,599,595,566,577,565,557,485,431,1987,1186,29961,1389,29980,29981,29981,29982,29981,29978]} 1. e4 c6 2. d4 d5 3. e5 Bf5 4. Nd2 e6 5. Nb3 Ne7 6. Nf3 {B12: Caro-Kann: Advance Variation} Nc8 7. Be2 Be7 8. O-O {The position is equal.} O-O 9. Ne1 Nd7 10. Bd3 Bg6 11. Bxg6 hxg6 12. Qg4 $146 ({Predecessor:} 12. Nd3 Ncb6 13. Qg4 Rc8 14. c3 {½-½ (54) Balogh,C (2656)-Shyam,S (2481) Dubai 2014}) 12... c5 13. Nf3 Qc7 14. c3 cxd4 15. cxd4 Qc2 16. Bg5 Qf5 17. Qg3 f6 18. Be3 g5 19. h3 Ncb6 20. Na5 Na4 (20... Nc4 $142 21. Nxc4 dxc4) 21. exf6 $16 Nxf6 22. Qxg5 Nxb2 23. Rab1 {aiming for Qxf5.} Ba3 24. Qxf5 exf5 25. Bc1 b6 26. Bxb2 Bxb2 27. Rxb2 bxa5 28. Rb5 a4 29. Ra5 Rfc8 30. Rxa4 a5 {[#]} 31. Nh4 $1 f4 32. Ng6 {Strongly threatening Ne7+.} Rc3 33. Nxf4 g5 34. Ne6 Ne4 35. Kh2 Ra7 (35... Re8 $16) 36. Rb1 g4 {[#]} (36... Kf7 $142) 37. Nf4 $1 $18 ({Less strong is} 37. hxg4 Nxf2 38. Kg1 Nxg4 $14) 37... Rc2 38. Rb8+ Kh7 39. hxg4 Nxf2 40. Ra3 $2 (40. g5 $18 {is more deadly.}) 40... Nxg4+ $16 41. Kg3 Nf6 42. Kf3 Rac7 43. Rb6 Rf7 44. Rb5 Nh5 (44... Rc4 $16 {is a better defense.}) 45. g3 $18 Rc1 46. Rxd5 Rf1+ 47. Ke2 Nxf4+ 48. gxf4 R7xf4 49. Raxa5 {[%mdl 4096] Endgame KRR-KRR} R4f3 $2 (49... R4f2+ 50. Kd3 Rf3+ 51. Kc4 Rc1+ 52. Kb5 Rb1+ 53. Kc4 Rc1+ 54. Kb5 Rf7) 50. Rd7+ Kg6 51. Ra6+ Kg5 52. Rg7+ Kh5 {intending ...R1f2+.} 53. Rg2 Rf8 54. Ra7 {[%cal Ra7h7]} Kh6 55. Ra3 {[%cal Ra3h3]} Rh1 56. d5 Rh5 57. Rd3 Rb8 (57... Rd8 $142 58. d6 Rg5 59. Rh2+ Kg6) 58. d6 Rb2+ 59. Kf3 Rh3+ 60. Rg3 {White mates.} Rhh2 61. d7 Rhf2+ 62. Ke4 {Accuracy: White = 81%, Black = 43%.} 1-0

[Event "EICC 2019"]
[Site "Skopia"]
[Date "2019.03.22"]
[Round "5.22"]
[White "Alekseev, Evgeny"]
[Black "Rozum, Ivan"]
[Result "1/2-1/2"]
[WhiteElo "2640"]
[BlackElo "2573"]
[Annotator "TA"]
[PlyCount "68"]
[EventDate "2019.03.18"]
[EventType "swiss"]
[EventCountry "MKD"]
[SourceTitle "playchess.com"]
[Source "ChessBase"]
[SourceQuality "1"]

{[%evp 21,68,10,14,0,12,1,10,0,0,0,9,8,7,0,0,0,67,0,18,5,9,0,0,0,0,0,15,13,10,16,15,0,0,0,8,0,0,0,0,1,6,0,0,0,7,0,0,0,0]} 1. d4 Nf6 2. c4 e6 3. Nf3 Bb4+ 4. Nbd2 O-O 5. e3 b6 6. Bd3 d5 7. O-O Bb7 8. a3 Be7 9. cxd5 exd5 10. b4 Nbd7 11. Bb2 {E14: Queen's Indian: Classical Variation (4 e3)} (11. Rb1 Bd6 12. Qc2 Qe7 13. Bb2 a5 14. Rfc1 axb4 15. axb4 c6 16. Bc3 Rfe8 17. Bf1 Ra7 18. b5 c5 {½-½ (55) Prizant,J (2540)-Maletin,P (2598) Dombai 2013}) 11... c5 {LiveBook: 3 Games} 12. dxc5 bxc5 13. bxc5 Nxc5 14. Nb3 $146 {[#] Strongly threatening Bxf6.} ({Predecessor:} 14. Be2 Nfe4 15. Nxe4 dxe4 16. Nd4 Bf6 17. Rc1 Qb6 18. Bc3 Rfd8 {½-½ (18) Iskusnyh,S (2490)-Makhnyov,D (2350) Pavlodar 2014}) 14... Nxd3 15. Qxd3 Qb6 {Threatens to win with ...Ba6.} 16. Rfb1 Ba6 17. Qd1 Bc4 18. Nbd4 g6 ({Black should play} 18... Ne4 $11) 19. Bc3 ({Better is} 19. Ne5 $14) 19... Qc7 {The position is equal.} 20. Bb4 Ne4 21. Bxe7 Qxe7 22. Rb2 Qd6 23. Nd2 Rab8 24. Rxb8 Rxb8 25. Nxe4 dxe4 26. Qa4 (26. Qc2 {looks sharper.} Bd3 27. Qc3 Ba6 28. Rc1 Rc8 29. Qb2) 26... Qa6 27. Qxa6 Bxa6 $11 {[%mdl 4096] Endgame KRB-KRN} 28. g4 Kg7 29. Kg2 Rc8 30. Kg3 Bd3 31. h4 h6 32. Kf4 Kf6 33. g5+ hxg5+ 34. hxg5+ Kg7 {Precision: White = 71%, Black = 65%.} 1/2-1/2

[Event "EICC 2019"]
[Site "Skopia"]
[Date "2019.03.22"]
[Round "5.23"]
[White "Maze, Sebastien"]
[Black "Yilmaz, Mustafa"]
[Result "1/2-1/2"]
[WhiteElo "2578"]
[BlackElo "2636"]
[Annotator "TA"]
[PlyCount "52"]
[EventDate "2019.03.18"]
[EventType "swiss"]
[EventCountry "MKD"]
[SourceTitle "playchess.com"]
[Source "ChessBase"]
[SourceQuality "1"]

{[%evp 9,52,12,0,0,-8,-9,-2,-8,0,-2,-5,-9,4,14,22,20,18,15,19,0,0,0,0,0,0,0,0,-11,-10,-27,-25,-27,-16,-15,-14,-41,-41,-41,-35,-35,0,0,0,0,0]} 1. e4 c5 2. Nf3 d6 3. Nc3 Nf6 4. e5 dxe5 5. Nxe5 a6 6. g3 {B50: Sicilian: 2...d6, Miscellaneous} Qd6 7. Nf3 b5 8. Bg2 Bb7 9. O-O e6 10. d3 $146 ({Predecessor:} 10. Re1 Nbd7 11. d3 Be7 12. a4 Qb6 13. b3 O-O {0-1 (44) Nikolenko,O (2505)-Khismatullin,D (2609) Sochi 2016}) 10... Be7 11. a4 Qb6 12. Ne5 {[#] And now axb5 would win.} Bxg2 13. Kxg2 {axb5 is the strong threat.} Nbd7 14. Qf3 Rc8 15. Nxd7 Nxd7 16. axb5 axb5 {[%cal Ba6b5,Bb5b4][%mdl 32]} 17. Re1 Nf6 18. Be3 O-O 19. Ra2 b4 20. Na4 Qb5 21. b3 Nd5 22. Nb2 Bf6 23. Rea1 Qc6 24. Bc1 Nc3 25. Ra6 $1 {[%cal Ra6c6]} Qxf3+ 26. Kxf3 Nb5 {Accuracy: White = 80%, Black = 65%.} 1/2-1/2

[Event "EICC 2019"]
[Site "Skopia"]
[Date "2019.03.22"]
[Round "5.24"]
[White "Lysyj, Igor"]
[Black "Moroni, Luca Jr"]
[Result "1-0"]
[WhiteElo "2635"]
[BlackElo "2564"]
[Annotator "TA"]
[PlyCount "87"]
[EventDate "2019.03.18"]
[EventType "swiss"]
[EventCountry "MKD"]
[SourceTitle "playchess.com"]
[Source "ChessBase"]
[SourceQuality "1"]

{[%evp 9,87,17,24,19,18,14,23,31,35,30,23,13,67,22,58,49,62,54,54,26,24,7,64,23,33,27,41,0,0,0,0,0,0,-39,0,0,14,0,38,31,65,60,68,76,72,69,72,84,76,79,70,83,78,76,93,87,171,154,226,211,214,225,208,198,272,276,399,432,586,589,622,641,621,569,590,558,865,852,841,848]} 1. d4 d5 2. c4 e6 3. Nf3 a6 4. Bg5 (4. e3 Nf6 5. Nc3 dxc4 6. Bxc4 b5 7. Be2 Bb7 8. O-O Nbd7 9. b3 c5 10. Bb2 Be7 11. Rc1 O-O 12. Qc2 Rc8 13. Qb1 Qb6 14. Rfd1 Rfd8 15. h3 h6 16. dxc5 Nxc5 17. Rxd8+ Rxd8 {0-1 (59) Mamedyarov,S (2817)-Carlsen,M (2835) St Petersburg 2018}) 4... Be7 5. Bxe7 Qxe7 6. Nbd2 {D30: Queen's Gambit Declined: Systems without Nc3} Nf6 7. g3 O-O 8. Bg2 {White has an edge.} b6 9. O-O Bb7 $146 ({Predecessor:} 9... Nbd7 10. Rc1 c5 11. dxc5 bxc5 12. cxd5 exd5 {½-½ (25) Georgakopoulos,N (2301)-Nikolaidis,I (2533) Anogia 2017}) 10. cxd5 Bxd5 (10... exd5 $11 11. Rc1 Rc8) 11. Qc2 h6 12. Rac1 Rc8 13. e4 Bb7 14. e5 {Ng5! is the strong threat.} Nd5 $1 15. Nc4 Nd7 (15... Nc6 $11) 16. Rfd1 Rab8 17. a3 Ba8 18. Nd6 Rd8 19. Ne4 c5 20. dxc5 bxc5 21. Rd2 Rb6 22. Qc4 Rdb8 23. Qe2 Bc6 24. Nd6 Bb5 25. Qe1 Qd8 26. Nh4 Bc6 27. Nc4 Rb3 {[#]} 28. Nf5 $1 {[%mdl 512]} exf5 29. Bxd5 Bxd5 30. Rxd5 Qe8 31. Qd2 $36 {[%mdl 2048] White is in control.} Nf8 32. Rxc5 Ne6 (32... Qe6 $16 {was worth a try.}) 33. Nd6 $18 Qd7 (33... Ng5 $16 {might work better.}) 34. Rc8+ Kh7 {[#]} 35. Rxb8 $1 Rxb8 36. h4 f4 (36... a5 $142 37. Rc2 (37. Qxa5 Rxb2 38. Qc3 Ra2 $16) 37... a4 38. Nxf5 Qb5) 37. gxf4 Qd8 (37... g6 {is a better defense.} 38. h5 Rg8) 38. f5 Qxh4 {White is clearly winning.} 39. Rc4 ({Less strong is} 39. fxe6 Qg4+ 40. Kf1 Qh3+ 41. Ke2 Qh5+ 42. f3 Qxe5+ 43. Kf1 Qxe6 $18) 39... Qg5+ 40. Qxg5 Nxg5 41. f4 Nf3+ 42. Kf2 Nd2 43. Rc2 Nb3 44. Ke3 {Accuracy: White = 66%, Black = 44%.} 1-0

[Event "EICC 2019"]
[Site "Skopia"]
[Date "2019.03.22"]
[Round "5.25"]
[White "Hovhannisyan, Robert"]
[Black "Arutinian, David"]
[Result "1/2-1/2"]
[WhiteElo "2634"]
[BlackElo "2555"]
[Annotator "TA"]
[PlyCount "144"]
[EventDate "2019.03.18"]
[EventType "swiss"]
[EventCountry "MKD"]
[SourceTitle "playchess.com"]
[Source "ChessBase"]
[SourceQuality "1"]

{[%evp 13,144,22,27,28,18,18,29,25,15,23,16,27,22,22,16,13,8,11,31,0,0,-16,39,39,41,31,31,34,60,52,59,42,51,48,55,57,86,43,37,45,54,45,51,49,56,54,69,38,144,141,128,102,104,114,108,108,99,75,81,72,80,62,98,98,139,98,162,149,152,152,158,156,204,192,246,226,299,296,325,429,584,584,452,69,135,66,293,0,0,0,8,54,352,348,268,0,141,10,124,8,149,88,101,121,160,123,212,228,233,0,0,0,0,0,0,0,0,-8,-8,-8,-8,-8,-8,-8,-8,-8,-8,-8,-8,-8,-8,-8,-8]} 1. e4 c6 2. d4 d5 3. e5 Bf5 4. Be2 e6 5. Nf3 c5 6. Be3 cxd4 7. Nxd4 Ne7 8. Nd2 {B12: Caro-Kann: Advance Variation} (8. O-O Nbc6 9. Bb5 a6 10. Bxc6+ Nxc6 11. Nxf5 exf5 12. c3 Be7 13. Nd2 Nxe5 14. Bd4 f6 15. Qb3 Qd7 16. Rfd1 Nc6 17. Nf1 Na5 18. Qc2 O-O 19. Rd3 f4 20. Rad1 Qf5 {½-½ (20) Karjakin,S (2753)-Dreev,A (2670) St Petersburg 2018}) 8... Nbc6 9. N2f3 Be4 10. O-O {White has an edge.} Bxf3 11. Nxf3 Nf5 12. Bf4 h6 13. c3 g5 14. Bd2 Bg7 15. Bd3 Qc7 $146 ({Predecessor:} 15... Nfe7) 16. Bxf5 (16. Qe2 {keeps more tension.} O-O-O 17. Rfe1 g4 18. Nd4 Nfxd4 19. cxd4 h5 20. Be3) 16... exf5 17. Nd4 {Nb5 is the strong threat.} Bxe5 (17... f4 $1 $11) 18. Nxc6 $1 $14 bxc6 {[#]} ({Much weaker is} 18... Bxh2+ $6 19. Kh1 $16) 19. f4 $1 {[%cal Rf4e5][%mdl 512]} gxf4 (19... Bxf4 20. Bxf4) 20. Qh5 O-O-O 21. Qxf5+ Kb7 22. Bxf4 f6 23. a4 Rde8 24. a5 Rh7 25. c4 dxc4 26. Bxe5 fxe5 27. Qe4 Rd7 28. Qxc4 Qd6 29. Kh1 Qd5 30. Qe2 Ree7 (30... e4 $14) 31. a6+ $16 Kc7 32. Rad1 Qb5 33. Qe3 Rd4 34. Qxh6 Red7 35. Rde1 Qxa6 36. Qe3 e4 37. h4 (37. Rf4 {feels hotter.} Qc4 38. h4 Rh7 39. g3 Qd5 40. Kh2) 37... Qd3 38. Rf4 Qxe3 39. Rxe3 {[%mdl 4096] Endgame KRR-KRR} Re7 (39... c5 $16) 40. h5 Kd6 41. g4 $1 Kd5 42. Kg2 Rb4 43. Re2 Ke5 (43... Rb8 {was necessary.} 44. Rd2+ Kc5 45. Rf5+ Kc4) 44. Rf5+ $18 Kd4 45. Rd2+ $1 Ke3 46. Rff2 $1 {Kg3 would kill now.} Rb3 47. Kg3 {[%csl Gd2][%cal Rf2e2]} Rd3 48. Rde2+ $2 (48. Rfe2+ $1 $18 {is the precise move to win.} Kd4+ 49. Rxd3+ Kxd3 50. Re1) 48... Kd4+ $16 49. Kh4 (49. Kg2 $1 $16) 49... Rd1 $2 (49... e3 $14 50. Rf6 Kd5) 50. h6 $2 ({Only move:} 50. Rd2+ $1 $18 Rxd2 51. Rxd2+ Ke3 52. Rd1) 50... e3 $11 51. Rh2 Ke4 52. Reg2 Kf3 $2 {[%mdl 8192]} (52... Kd3 $14) 53. g5 $18 Rd4+ 54. Kh5 $2 (54. Kh3 $1 $18 Rd5 55. Rg3+ Kf4 56. Rg4+ Kf3 57. Kh4) 54... Rd5 (54... Rde4 $1 $11) 55. Rc2 (55. b4 $16) 55... Kg3 (55... Kf4 $1 $11 56. Rc4+ Kg3) 56. Rhg2+ ({Better is} 56. Rhe2 $16) 56... Kf3 (56... Kf4 $1 $11 {remains equal.}) 57. b4 ({White must play} 57. Kh4 $1) 57... a5 ({Wrong is} 57... e2 $2 58. Rgxe2 $1 {[%mdl 512]} Rxe2 59. Rxe2 $18) 58. bxa5 Rxa5 59. Rh2 Kg3 {[#]} (59... Kf4 $16 {was worth a try.} 60. Kh4 Rd5) 60. Rcg2+ $1 Kf3 {[#]} 61. Rg1 $2 (61. Kh4 $1 $18) 61... e2 $11 {The position is equal.} 62. Re1 Rae5 63. Kg6 R5e6+ 64. Kh5 Re5 65. Rexe2 Rxe2 66. Rxe2 Rxe2 {KR-KPP} 67. g6 Kf4 {[%cal Re2h2]} 68. g7 Kf5 $1 {[%cal Re2h2]} 69. Kh4 $132 {[%mdl 2048] White is not keeping still} Rh2+ 70. Kg3 Rxh6 {( -> ...Rg6+)} 71. g8=Q Rg6+ 72. Qxg6+ $1 Kxg6 {Accuracy: White = 61%, Black = 38%.} 1/2-1/2

[Event "EICC 2019"]
[Site "Skopia"]
[Date "2019.03.22"]
[Round "5.26"]
[White "Buhmann, Rainer"]
[Black "Fridman, Daniel"]
[Result "1/2-1/2"]
[WhiteElo "2568"]
[BlackElo "2633"]
[Annotator "TA"]
[PlyCount "30"]
[EventDate "2019.03.18"]
[EventType "swiss"]
[EventCountry "MKD"]
[SourceTitle "playchess.com"]
[Source "ChessBase"]
[SourceQuality "1"]

{[%evp 11,30,4,6,12,14,15,9,14,14,12,12,14,16,18,33,4,8,-10,46,0,0]} 1. e4 e5 2. Nf3 Nf6 3. Nxe5 d6 4. Nd3 Nxe4 5. Qe2 Qe7 6. Nc3 {C42: Petroff Defence: 3 Nxe5 and unusual White 3rd moves} Nf6 {LiveBook: 5 Games} 7. Nf4 c6 8. d4 Qxe2+ 9. Bxe2 Bf5 $146 ({Predecessor:} 9... d5 10. O-O Bd6 11. Bd3 O-O {½-½ (50) Harikrishna,P (2727)-Yu,Y (2760) China 2018}) 10. Bd3 Bxd3 11. Nxd3 Nbd7 12. O-O Nb6 13. a4 Kd7 14. Re1 Be7 (14... g6 $11) 15. f3 Nfd5 1/2-1/2